Państwa według zmian w emisji dwutlenku węgla - Statystyki

Ogólne statystyki
  • Ten quiz został rozwiązany 1 484 razy
    1 425 od ostatniego zresetowania
  • Średni wynik to 16 z 20
Statystyki odpowiedzi
Wzrost / Spadek Państwo % Poprawnych
-1252 Stany Zjednoczone
99%
8762 Chiny
98%
1653 Indie
97%
-99 Francja
95%
-212 Niemcy
95%
269 Rosja
94%
-82 Hiszpania
92%
-168 Japonia
91%
-216 Wielka Brytania
89%
-138 Włochy
89%
142 Korea Południowa
81%
305 Indonezja
76%
223 Turcja
75%
358 Iran
74%
321 Arabia Saudyjska
71%
132 Egipt
71%
-171 Ukraina
69%
264 Wietnam
60%
-43 Grecja
58%
-33 Wenezuela
31%
Nie znaleziono quizów pasujących do podanych kryteriów
Rozkład punktacji
Procent ludzi z każdym wynikiem
Percentyl według liczby udzielonych odpowiedzi
Twoja historia wyników
Nie rozwiązałeś tego quizu od ostatniego zresetowania